| 000 | 01074nas a2200289 4500 | ||
|---|---|---|---|
| 001 | BR2013000448 | ||
| 003 | BR-BrBNA | ||
| 005 | 20231205121821.0 | ||
| 007 | ta | ||
| 008 | 230509b bl.|||p| |||| 00| 00por d | ||
| 040 |
_aBR-BrBNA _bpor _cBiblioteca Nacional de Agricultura |
||
| 041 | _a(En) | ||
| 072 | _aL73 | ||
| 100 | 1 | _aBarry, A.F. | |
| 100 | 1 | _aAlfieri, A.F. | |
| 100 | 1 | _aAlfieri, A.A. | |
| 245 | 1 | _aDetection and phylogenetic analysis of porcine enteric calicivirus, genetically related to the Cowden strain of sapovirus genogroup III, in brazilian swine herds | |
| 246 | 1 | _aDetection and phylogenetic analysis of porcine enteric calicivirus, genetically related to the Cowden strain of sapovirus genogroup III, in brazilian swine herds | |
| 650 | _aSUÍNO | ||
| 650 | _aFUNGO | ||
| 650 | _aDOENÇA ANIMAL | ||
| 650 | _aDIARRÉIA | ||
| 650 | _aDIAGNÓSTICO | ||
| 773 | 0 |
_tPesquisa Veterinária Brasileira (Brazil) _xISSN 0100-736X _g(Jan 2008), v. 28(1) p. 82-86 _wBR2013000448 |
|
| 909 |
_a202311 _bLúcia _c55 _dLúcia Elande |
||
| 942 |
_2AGRIS _n0 _cANA |
||
| 999 |
_c225398 _d225398 |
||